000 00792cab a22002055a 4500
001 L156454
008 120523e20121007xxk f 000 0 eng d
035 _a(Sirsi) u156454
041 0 _aeng
100 1 _aRoberts, Gareth
245 0 0 _aEconomics
_bwhole-life carbon
_bprestige offices
260 _c2012
490 _aBuilding
_v277 (8728) 18 May 2012, 52-56(5)
520 _aUsing the example of a building in the City of London this economics forecast and analysis looks at introduction, whole-life carbon assessment, assessment methodology, whole-life carbon cost model - prestige offices, focus on cladding, and key findings and benefits.
590 _aKA
651 4 _aUnited Kingdom
_y
690 _aConstruction management
_96230
690 _aCost management
_96233
942 _n0
999 _c84023
_d84023